000 00569nam a2200181Ia 4500
003 OSt
005 20260127162630.0
008 210210b1947 xxu||||| |||| 00| 0 eng d
040 _cAL
041 _aKannada
082 _a854/72
100 _aKRASHNASVAMI (H S)
_9162672
_dಕೃಷ್ಣಸ್ವಾಮಿ (ಹೆಚ್ ಎಸ್)
245 _aKannadadalli vidambana sahitya:
_bಕನ್ನಡದಲ್ಲಿ ವಿಡಂಬನ ಸಾಹಿತ್ಯ
260 _aBengaluru
_b-
_c1947
690 _aKannada Criticism
_9162673
906 _a019924
942 _2ddc
_cBK
999 _c144074
_d144074